Catálogo

Vista normal Vista MARC

Entrada Personal Name

Número de registros utilizados en: 1

001 - CONTROL NUMBER

  • control field: 3691

003 - CONTROL NUMBER IDENTIFIER

  • control field: DLC

005 - DATE AND TIME OF LATEST TRANSACTION

  • control field: 20230522130834.0

008 - FIXED-LENGTH DATA ELEMENTS

  • fixed length control field: 800331n| azannaabn |a aaa

010 ## - LIBRARY OF CONGRESS CONTROL NUMBER

  • LC control number: n 80027274
  • Canceled/invalid LC control number: n 79108272
  • Canceled/invalid LC control number: n 85042136

035 ## - SYSTEM CONTROL NUMBER

  • System control number: (OCoLC)oca00409538

040 ## - CATALOGING SOURCE

  • Original cataloging agency: DLC
  • Language of cataloging: spa
  • Description conventions: rda
  • Transcribing agency: Mx-PuUPA
  • Modifying agency: DLC
  • Modifying agency: GVaS
  • Modifying agency: Mx-PuUPA

046 ## - SPECIAL CODED DATES

  • Birth date: 19430524
  • Source of date scheme: edtf

100 1# - HEADING--PERSONAL NAME

  • Personal name: Merriam, Sharan B.,

372 ## - FIELD OF ACTIVITY

  • Field of activity: Educación superior
  • Field of activity: Educación para adultos
  • Field of activity: Investigación cualitativa
  • Source of term: lcsh

373 ## - ASSOCIATED GROUP

  • Associated group: Universidad de georgia
  • Source of term: naf

373 ## - ASSOCIATED GROUP

  • Associated group: Universidad del Norte de Illinois
  • Source of term: naf

373 ## - ASSOCIATED GROUP

  • Associated group: Universidad Rutgers
  • Source of term: naf

374 ## - OCCUPATION

  • Occupation: Profesor universitario
  • Occupation: Autor
  • Source of term: lcsh

377 ## - ASSOCIATED LANGUAGE

  • Language code: eng

378 ## - FULLER FORM OF PERSONAL NAME

  • Fuller form of personal name: Sharan Ballard

510 2# - SEE ALSO FROM TRACING--CORPORATE NAME

  • Control subfield: r
  • Relationship information: Employer:
  • Corporate name or jurisdiction name as entry element: University of Georgia

670 ## - SOURCE DATA FOUND

  • Source citation: Her Coping with male mid-life, 1980:
  • Information found: t.p. (Sharan B. Merriam)

670 ## - SOURCE DATA FOUND

  • Source citation: Her Adult development, 1984:
  • Information found: t.p. (Sharan B. Merriam, Northern Illinois University)

670 ## - SOURCE DATA FOUND

  • Source citation: Her Case study research in education, 1988:
  • Information found: CIP t.p. (Sharan B. Merriam) data sheet (b. May 24, 1943)

670 ## - SOURCE DATA FOUND

  • Source citation: Selected writings on philosophy and adult education, 1995:
  • Information found: page vii (Sharan B. Merriam is professor of adult and continuing education at The University of Georgia. Her research and writing activities have focused on adult learning and development, and qualitative research methods)

670 ## - SOURCE DATA FOUND

  • Source citation: U.S. copyright file, Apr. 1, 2008
  • Information found: (Merriam, Sharan Ballard, 1943- )

670 ## - SOURCE DATA FOUND

  • Source citation: Digital dissertations, Apr. 1, 2008
  • Information found: (Merriam, Sharan Ballard, Educat. D., Rutgers The State University of New Jersey - New Brunswick, 1978--Coping with male mid-life)